000 00530nam a22001697a 4500
005 20141120104742.0
008 141120b xxu||||| |||| 00| 0 eng d
050 _aPZ 7
_b.H55738Bl 2008
100 _aHill, Stuart.
245 _aBlade of fire /
_cStuart Hill.
250 _a1st American ed.
260 _aNew York :
_bScholastic,
_cc2008.
300 _a586 pages :
_c20 cm.
520 _aCharlemagne must overcome his kingdom's internal problems and defeat an invasion from Bellorum.
650 _aFantasy.
942 _2lcc
_cBK
999 _c276845
_d276845